000 00269 a2200121 4500
001 146384
040 _cEscola São Tomás de Aquino
100 _aSHELLEY, Mary
240 1 0 _afrankenstein
_lpor
245 1 0 _afrankenstein
697 _a*LITERATURA JUVENIL
942 _cBK
999 _c146384
_d146384